[Event "UKR-ch 91st"]
[Site "Poltava"]
[Date "2023.12.15"]
[Round "7"]
[White "Mukha, Nikolay"]
[Black "Ovcharov, Taras"]
[Result "1/2-1/2"]
[WhiteElo "2122"]
[BlackElo "1976"]
[PlyCount "71"]
[EventDate "2023.12.09"]
[EventType "swiss"]
[EventRounds "9"]
[EventCountry "UKR"]
[SourceTitle "CBM 217 Extra"]
[Source "ChessBase"]
[SourceDate "2024.01.31"]
[SourceVersion "1"]
[SourceVersionDate "2024.01.31"]
[SourceQuality "1"]

1. d4 Nf6 2. c4 e6 3. Nc3 Bb4 4. e3 0-0 5. Nge2 d5 6. a3 Be7 7. Nf4 c6 8. Bd2 Nbd7 9. cxd5 exd5 10. Bd3 Re8 11. 0-0 Nf8 12. b4 a6 13. Na4 Bd6 14. f3 Qc7 15. g3 Ne6 16. Nc5 Nxf4 17. gxf4 Bh3 18. Rf2 Kh8 19. Kh1 Rg8 20. Qc2 g6 21. Rg1 Nh5 22. a4 Rg7 23. a5 Rag8 24. Bf1 Bxf1 25. Rfxf1 Qc8 26. Be1 g5 27. Rxg5 Rxg5 28. fxg5 Rxg5 29. Rg1 Rxg1+ 30. Kxg1 Bxc5 31. Qxc5 Qe8 32. Kf1 Kg7 33. Bf2 Qe6 34. Ke2 Nf4+ 35. Kd2 Nh3 36. Ke2 1/2-1/2

[Event "Brno op 12th"]
[Site "Brno"]
[Date "2023.11.13"]
[Round "3"]
[White "Ovcharov, Taras"]
[Black "Pokorny, Petr"]
[Result "0-1"]
[WhiteElo "1986"]
[BlackElo "2131"]
[PlyCount "88"]
[EventDate "2023.11.11"]
[EventType "swiss"]
[EventRounds "9"]
[EventCountry "CZE"]
[SourceTitle "CBM 217 Extra"]
[Source "ChessBase"]
[SourceDate "2024.01.31"]
[SourceVersion "1"]
[SourceVersionDate "2024.01.31"]
[SourceQuality "1"]

1. e4 g6 2. d4 Bg7 3. Nc3 d6 4. Nf3 a6 5. a4 Nf6 6. h3 0-0 7. Be2 Nbd7 8. 0-0 e5 9. dxe5 dxe5 10. Bg5 c6 11. Qd6 Qb6 12. b4 Re8 13. a5 Qd8 14. Qd3 Qc7 15. Rfd1 Nf8 16. Be3 Ne6 17. Bb6 Qe7 18. Rab1 Nf4 19. Qd2 Nd7 20. Be3 Nxe2+ 21. Qxe2 Nf8 22. Bc5 Qf6 23. Rd6 Ne6 24. Na4 Nf4 25. Qe3 Be6 26. Bb6 Bf8 27. Rdd1 Bh6 28. Qa3 Bc4 29. Nc5 Be2 30. Nd7 Qe6 31. Nc5 Nxh3+ 32. Kh2 Qg4 33. Nd7 Re6 34. Be3 Bf4+ 35. Bxf4 Qxf4+ 36. Kh1 Bxd1 37. Rxd1 Rd8 38. g3 Qxe4 39. Nf6+ Rxf6 40. Rxd8+ Kg7 41. b5 Rxf3 42. Qf8+ Kf6 43. Qd6+ Kg5 44. Qd2+ Kh5 0-1

[Event "Wch Disabilities 5th"]
[Site "Lublin"]
[Date "2023.08.21"]
[Round "3"]
[White "Kozhabekov, Adilkhan"]
[Black "Ovcharov, Taras"]
[Result "1/2-1/2"]
[WhiteElo "1717"]
[BlackElo "1983"]
[PlyCount "103"]
[EventDate "2023.08.19"]
[EventType "swiss"]
[EventRounds "9"]
[EventCountry "POL"]
[SourceTitle "CBM 215 Extra"]
[Source "ChessBase"]
[SourceDate "2023.09.30"]
[SourceVersion "1"]
[SourceVersionDate "2023.09.30"]
[SourceQuality "1"]

1. d4 Nf6 2. c4 e6 3. g3 d5 4. Bg2 dxc4 5. Nf3 Bb4+ 6. Bd2 a5 7. Qc2 Bxd2+ 8. Nbxd2 b5 9. a4 c6 10. b3 cxb3 11. Nxb3 0-0 12. 0-0 Nd5 13. Ne5 b4 14. Nxc6 Nxc6 15. Qxc6 Ra6 16. Qc4 Nc3 17. e3 Qb6 18. Rfe1 Ra7 19. Qc5 Qxc5 20. Nxc5 Ba6 21. Bf1 Bxf1 22. Kxf1 Rb8 23. Rec1 Kf8 24. Rc2 Ke7 25. Ke1 Kd6 26. Rb2 Kd5 27. Nb3 Rc8 28. f3 f5 29. Nc1 e5 30. Nb3 exd4 31. Nxd4 Ke5 32. Kf2 Nd5 33. Nxf5 Kxf5 34. e4+ Ke5 35. exd5 Kxd5 36. Rd1+ Ke5 37. Re2+ Kf6 38. Rd5 Rb8 39. Rb2 Ke6 40. Rc5 Kd6 41. Rg5 h6 42. Rf5 b3 43. Ke3 Rb4 44. Kd3 Ke6 45. Rc5 Rxa4 46. Rxb3 Ra2 47. Rb6+ Kf7 48. Rf5+ Kg8 49. h4 a4 50. Rb8+ Kh7 51. h5 Ra3+ 52. Ke4 1/2-1/2

[Event "Kiev Spring op"]
[Site "Kiev"]
[Date "2021.07.12"]
[Round "3"]
[White "Samokysh, Yevhen"]
[Black "Ovcharov, Taras"]
[Result "1/2-1/2"]
[WhiteElo "1531"]
[BlackElo "2007"]
[PlyCount "61"]
[EventDate "2021.07.10"]
[EventType "swiss"]
[EventRounds "9"]
[EventCountry "UKR"]
[SourceTitle "EXT 2024"]
[Source "ChessBase"]
[SourceDate "2023.10.10"]
[SourceVersion "1"]
[SourceVersionDate "2023.10.10"]
[SourceQuality "1"]

1. d4 Nf6 2. c4 e6 3. g3 d5 4. Nf3 dxc4 5. Bg2 Bb4+ 6. Bd2 a5 7. Qc2 b5 8. a4 bxa4 9. Rxa4 Nd5 10. Ne5 Ba6 11. 0-0 0-0 12. Na3 Ra7 13. Naxc4 Bb5 14. Raa1 c5 15. dxc5 Qc7 16. Bxb4 Nxb4 17. Qc3 Qxc5 18. Na3 Qb6 19. Nxb5 Qxb5 20. e3 Nd7 21. Nxd7 Rxd7 22. Rad1 Rxd1 23. Rxd1 Rb8 24. Qc7 g6 25. Bf1 Qe8 26. Qxa5 Nd5 27. h4 Kg7 28. e4 Nf6 29. Qe5 Rb4 30. h5 Qe7 31. Bg2 1/2-1/2

[Event "Kiev Spring op"]
[Site "Kiev"]
[Date "2021.07.10"]
[Round "1"]
[White "Filindash, Nikita"]
[Black "Ovcharov, Taras"]
[Result "1-0"]
[WhiteElo "1230"]
[BlackElo "2007"]
[PlyCount "59"]
[EventDate "2021.07.10"]
[EventType "swiss"]
[EventRounds "9"]
[EventCountry "UKR"]
[SourceTitle "EXT 2024"]
[Source "ChessBase"]
[SourceDate "2023.10.10"]
[SourceVersion "1"]
[SourceVersionDate "2023.10.10"]
[SourceQuality "1"]

1. d4 Nf6 2. Nf3 e6 3. e3 b6 4. c4 Bb7 5. Nc3 d5 6. cxd5 exd5 7. Bd3 Bd6 8. 0-0 0-0 9. Re1 Re8 10. Qc2 c5 11. b3 Nc6 12. Bb2 Nb4 13. Qd2 Nxd3 14. Qxd3 Rc8 15. Rac1 Ne4 16. Red1 c4 17. Qe2 Nxc3 18. Bxc3 b5 19. b4 a5 20. a3 Ra8 21. Ra1 Qe7 22. Qb2 axb4 23. axb4 Ra4 24. Ra3 Bxb4 25. Rxa4 Bxc3 26. Qxb5 Rc8 27. Ra7 Rc7 28. Rb1 Bc8 29. Rxc7 Qxc7 30. Qe8# 1-0

[Event "UKR-ch Silent"]
[Site "Kharkov"]
[Date "2019.04.11"]
[Round "6"]
[White "Ovcharov, Taras"]
[Black "Kovalenko, Vladimir N"]
[Result "1/2-1/2"]
[WhiteElo "2042"]
[BlackElo "2073"]
[PlyCount "64"]
[EventDate "2019.04.06"]
[EventType "swiss"]
[EventRounds "9"]
[EventCountry "UKR"]
[SourceTitle "EXT 2020"]
[Source "ChessBase"]
[SourceDate "2019.10.17"]
[SourceVersion "1"]
[SourceVersionDate "2019.10.17"]
[SourceQuality "1"]

1. e4 c5 2. Nf3 d6 3. Bb5+ Bd7 4. Bxd7+ Qxd7 5. d4 cxd4 6. Nxd4 Nc6 7. Nxc6 bxc6 8. c4 Nf6 9. Nc3 g6 10. 0-0 Bg7 11. Be3 Ng4 12. Bd4 0-0 13. Bxg7 Kxg7 14. Qd4+ Nf6 15. b3 Rfd8 16. e5 dxe5 17. Qxe5 Qd4 18. Qxd4 Rxd4 19. Rad1 Rad8 20. Rxd4 Rxd4 21. Rd1 Rxd1+ 22. Nxd1 Nd7 23. Kf1 e5 24. Ke2 Kf6 25. Ke3 Ke6 26. f4 f5 27. fxe5 Kxe5 28. g3 g5 29. Nb2 Nc5 30. b4 Nd7 31. Nd3+ Ke6 32. a3 h6 1/2-1/2

[Event "UKR-ch Silent"]
[Site "Kharkov"]
[Date "2019.04.10"]
[Round "5"]
[White "Babiy, Petr"]
[Black "Ovcharov, Taras"]
[Result "1/2-1/2"]
[WhiteElo "2055"]
[BlackElo "2042"]
[PlyCount "56"]
[EventDate "2019.04.06"]
[EventType "swiss"]
[EventRounds "9"]
[EventCountry "UKR"]
[SourceTitle "EXT 2020"]
[Source "ChessBase"]
[SourceDate "2019.10.17"]
[SourceVersion "1"]
[SourceVersionDate "2019.10.17"]
[SourceQuality "1"]

1. d4 Nf6 2. c4 e6 3. Nf3 Bb4+ 4. Bd2 Qe7 5. e3 d5 6. Bxb4 Qxb4+ 7. Qd2 Qxd2+ 8. Nbxd2 0-0 9. Bd3 Nbd7 10. 0-0 c5 11. cxd5 exd5 12. b3 cxd4 13. exd4 Nb8 14. Rfe1 Nc6 15. h3 Bd7 16. Bb5 Rfe8 17. Bxc6 Bxc6 18. Rxe8+ Rxe8 19. Re1 Rxe1+ 20. Nxe1 Kf8 21. Nd3 Ke7 22. Kf1 Bb5 23. Ke2 Bxd3+ 24. Kxd3 Kd6 25. Ke3 Ke6 26. Kd3 Kd6 27. Ke3 Ke6 28. Kd3 Kd6 1/2-1/2

[Event "WchT Silent"]
[Site "Opatija"]
[Date "2014.06.22"]
[Round "4.4"]
[White "Ovcharov, Taras"]
[Black "Vujcic, Toni"]
[Result "1/2-1/2"]
[WhiteElo "2009"]
[BlackElo "2158"]
[PlyCount "80"]
[EventDate "2014.06.19"]
[EventType "team-swiss"]
[EventRounds "9"]
[EventCountry "CRO"]
[SourceTitle "CBM 161 Extra"]
[Source "ChessBase"]
[SourceDate "2014.08.29"]
[SourceVersion "1"]
[SourceVersionDate "2014.08.29"]
[SourceQuality "1"]
[WhiteTeam "Ukraine"]
[BlackTeam "Croatia"]
[WhiteTeamCountry "UKR"]
[BlackTeamCountry "CRO"]

1. e4 d6 2. d4 Nf6 3. Nc3 g6 4. Be3 Ng4 5. Bg5 h6 6. Bh4 g5 7. Bg3 Bg7 8. Be2 Nf6 9. f4 d5 10. e5 Ne4 11. Nxe4 dxe4 12. c3 gxf4 13. Bxf4 Be6 14. Bg4 Qd7 15. Bxe6 Qxe6 16. Ne2 Nd7 17. Ng3 0-0-0 18. Qb3 Qg6 19. 0-0-0 h5 20. Qc2 f5 21. exf6 Nxf6 22. Rde1 Qg4 23. Be5 Rhg8 24. Rhg1 h4 25. Nxe4 Bh6+ 26. Kb1 Nd5 27. Nf2 Qd7 28. Nd1 Rdf8 29. g3 hxg3 30. hxg3 Bg5 31. Qe4 Nb6 32. Ref1 Nc4 33. Rxf8+ Rxf8 34. Qg6 Qb5 35. Qxg5 Rf2 36. Qg8+ Kd7 37. Qg4+ Kd8 38. Qg8+ Kd7 39. Qg4+ Kd8 40. Qg8+ Kd7 1/2-1/2

[Event "UKR-chT Clubs"]
[Site "Alushta"]
[Date "2011.05.18"]
[Round "6.5"]
[White "Ovcharov, Taras"]
[Black "Razin, Vadim"]
[Result "0-1"]
[WhiteElo "1973"]
[BlackElo "2311"]
[PlyCount "126"]
[EventDate "2011.05.13"]
[EventType "team-tourn"]
[EventRounds "9"]
[EventCountry "UKR"]
[SourceTitle "CBM 142 Extra"]
[Source "ChessBase"]
[SourceDate "2011.06.27"]
[SourceVersion "1"]
[SourceVersionDate "2011.06.27"]
[SourceQuality "1"]
[WhiteTeam "Kiev Kashtan"]
[BlackTeam "Podillya Region"]
[WhiteTeamCountry "UKR"]
[BlackTeamCountry "UKR"]

1. e4 e6 2. d4 d5 3. e5 c5 4. c3 Nc6 5. Nf3 Nge7 6. Bd3 cxd4 7. cxd4 Nf5 8. Bxf5 exf5 9. Nc3 Be6 10. a3 Be7 11. 0-0 0-0 12. Qd3 h6 13. b4 Rc8 14. Bb2 Qd7 15. Rac1 f4 16. Ne2 g5 17. Nd2 Bf5 18. Qb3 Qe6 19. Rfe1 Rfd8 20. b5 Na5 21. Qa4 b6 22. Bc3 Nc4 23. Nxc4 dxc4 24. Qxa7 Ra8 25. Qb7 Bf8 26. h4 Rxa3 27. Ra1 Rb3 28. hxg5 hxg5 29. d5 Qxd5 30. Qxb6 Be6 31. Ba5 Rc8 32. Nc3 Qc5 33. Qxc5 Bxc5 34. Ne4 Bd4 35. Rad1 Rxb5 36. Nd6 Rxa5 37. Nxc8 Rxe5 38. Rxe5 Bxe5 39. Ne7+ Kg7 40. Nc6 Bb2 41. Nd4 Bd7 42. Ne2 Bf5 43. Rd5 Kf6 44. Kf1 c3 45. Ke1 Be4 46. Rc5 c2 47. Kd2 Bxg2 48. Rxc2 Be5 49. Ng1 f3 50. Ke3 Bf4+ 51. Ke4 Bh2 52. Rc1 g4 53. Rc6+ Kg5 54. Rc5+ Kg6 55. Rc6+ f6 56. Rc1 f5+ 57. Ke3 Kg5 58. Ra1 Bd6 59. Ra5 Bf4+ 60. Kd4 Bh2 61. Ra1 Bxg1 62. Rxg1 g3 63. Ke3 f4+ 0-1

[Event "UKR-chT Clubs"]
[Site "Alushta"]
[Date "2011.05.15"]
[Round "3.6"]
[White "Ovcharov, Taras"]
[Black "Semukhin, Mikhail"]
[Result "1-0"]
[WhiteElo "1973"]
[BlackElo "1987"]
[PlyCount "103"]
[EventDate "2011.05.13"]
[EventType "team-tourn"]
[EventRounds "9"]
[EventCountry "UKR"]
[SourceTitle "CBM 142 Extra"]
[Source "ChessBase"]
[SourceDate "2011.06.27"]
[SourceVersion "1"]
[SourceVersionDate "2011.06.27"]
[SourceQuality "1"]
[WhiteTeam "Kiev Kashtan"]
[BlackTeam "Simferopol"]
[WhiteTeamCountry "UKR"]
[BlackTeamCountry "UKR"]

1. e4 e5 2. Nf3 Nf6 3. Nxe5 d6 4. Nf3 Nxe4 5. d4 d5 6. Bd3 Be7 7. 0-0 Nc6 8. c4 Nb4 9. Be2 Bf5 10. a3 Nc6 11. Nc3 Nxc3 12. bxc3 Be6 13. cxd5 Bxd5 14. c4 Bxf3 15. Bxf3 0-0 16. d5 Ne5 17. Be2 Nd7 18. Bb2 Bf6 19. Qc2 Bxb2 20. Qxb2 Nc5 21. Bf3 Qd6 22. a4 a5 23. Qb5 Ra6 24. Rfe1 Rb6 25. Qxa5 Nb3 26. c5 Nxa5 27. cxd6 cxd6 28. Re7 g6 29. Rc1 Rb4 30. h3 Rxa4 31. Rd7 b5 32. Rxd6 b4 33. Rb6 b3 34. Bd1 Rd4 35. Rb5 b2 36. Rxb2 Rxd5 37. Bf3 Re5 38. Rb4 Rfe8 39. Rc7 R5e7 40. Rc5 Re5 41. Bd5 Rxd5 42. Rxd5 Nc6 43. Rc4 Nb8 44. Rd6 Kg7 45. Rc7 Re1+ 46. Kh2 Rb1 47. g4 Rb3 48. g5 h6 49. gxh6+ Kxh6 50. Rxf7 Rb2 51. Rff6 Kh7 52. Kg2 1-0

[Event "Kiev-ch"]
[Site "Kiev"]
[Date "2010.03.12"]
[Round "6"]
[White "Gavriliuk, Alexandr"]
[Black "Ovcharov, Taras"]
[Result "1-0"]
[WhiteElo "1821"]
[BlackElo "2031"]
[PlyCount "76"]
[EventDate "2010.03.04"]
[EventType "swiss"]
[EventRounds "9"]
[EventCountry "UKR"]
[SourceTitle "CBM 135 Extra"]
[Source "ChessBase"]
[SourceDate "2010.05.04"]
[SourceVersion "1"]
[SourceVersionDate "2010.05.04"]
[SourceQuality "1"]

1. Nf3 Nf6 2. c4 d5 3. cxd5 Nxd5 4. g3 Nc6 5. d4 Bf5 6. a3 g6 7. Bg2 Bg7 8. 0-0 0-0 9. Nc3 Nxc3 10. bxc3 e5 11. e3 exd4 12. exd4 Be4 13. Bf4 Ne7 14. Re1 Bd5 15. Qd3 Re8 16. Rad1 c6 17. c4 Be6 18. Bg5 Qa5 19. h3 Rad8 20. Bc1 Qa4 21. Rxe6 fxe6 22. Re1 Nf5 23. d5 cxd5 24. cxd5 Rxd5 25. Qe2 Qb5 26. Qa2 Qc5 27. g4 Nd6 28. Be3 Qc4 29. Qb1 Rb5 30. Qd1 Qd5 31. Nd4 Qa2 32. Nxb5 Nxb5 33. Qd7 Rf8 34. Qxb5 b6 35. a4 Bc3 36. Rc1 Bd2 37. Qe2 Bxe3 38. Qxa2 Bxc1 1-0

[Event "Kiev-ch"]
[Site "Kiev"]
[Date "2009.01.25"]
[Round "7"]
[White "Kruglyakov, Pavlo"]
[Black "Ovcharov, Taras"]
[Result "1/2-1/2"]
[WhiteElo "2252"]
[BlackElo "1920"]
[PlyCount "48"]
[EventDate "2009.01.17"]
[EventType "swiss"]
[EventRounds "11"]
[EventCountry "UKR"]
[SourceTitle "CBM 128 Extra"]
[Source "ChessBase"]
[SourceDate "2009.03.05"]
[SourceVersion "2"]
[SourceVersionDate "2009.03.25"]
[SourceQuality "1"]

1. e4 d5 2. exd5 Nf6 3. Bb5+ Bd7 4. Bc4 Bg4 5. f3 Bc8 6. Nc3 Nbd7 7. d4 Nb6 8. Bb3 Nbxd5 9. Nxd5 Nxd5 10. c4 Nb6 11. Ne2 g6 12. 0-0 Bg7 13. Be3 0-0 14. Qd2 c6 15. a4 Be6 16. Rac1 a5 17. Rfd1 Qc7 18. Nf4 Bf5 19. Qf2 Bh6 20. Qh4 Bg7 21. c5 h6 22. Qf2 g5 23. Nh5 Nd5 24. Nxg7 Kxg7 1/2-1/2

[Event "Wch Silent U20"]
[Site "St Gallen"]
[Date "2008.07.24"]
[Round "5"]
[White "Zaynidinov, Sirojiddin"]
[Black "Ovcharov, Taras"]
[Result "1-0"]
[WhiteElo "2026"]
[BlackElo "1918"]
[PlyCount "92"]
[EventDate "2008.07.20"]
[EventType "tourn"]
[EventRounds "11"]
[EventCountry "SUI"]
[SourceTitle "EXT 2009"]
[Source "ChessBase"]
[SourceDate "2008.11.26"]
[SourceVersion "1"]
[SourceVersionDate "2008.11.26"]
[SourceQuality "1"]

1. c4 e5 2. Nc3 Nf6 3. g3 d5 4. cxd5 Nxd5 5. Bg2 Be6 6. Nf3 Nc6 7. 0-0 Be7 8. d4 Nxc3 9. bxc3 e4 10. Nd2 f5 11. e3 Na5 12. Nxe4 0-0 13. Nd2 c6 14. a4 Bd5 15. f3 Nc4 16. Nxc4 Bxc4 17. Re1 Qe8 18. e4 fxe4 19. fxe4 Qf7 20. Be3 Rae8 21. Qc2 Qg6 22. Qd2 Rf7 23. Rab1 Bd8 24. Rb4 Ba6 25. Rb2 Ref8 26. e5 h5 27. Bf4 h4 28. e6 Rxf4 29. gxf4 h3 30. e7 Bxe7 31. Rxe7 Qf6 32. Qe3 hxg2 33. Rxg2 Rf7 34. Re8+ Rf8 35. Rxf8+ Qxf8 36. Qe6+ Qf7 37. Qxf7+ Kxf7 38. Kf2 Bc4 39. a5 b6 40. axb6 axb6 41. Rg5 Kf6 42. h4 g6 43. Kf3 b5 44. Ke4 Bd5+ 45. Rxd5 cxd5+ 46. Kxd5 Kf5 1-0

[Event "Wch Silent U20"]
[Site "St Gallen"]
[Date "2008.07.21"]
[Round "2"]
[White "Ovcharov, Taras"]
[Black "Lapaj, Mateusz"]
[Result "1-0"]
[WhiteElo "1918"]
[BlackElo "1752"]
[PlyCount "95"]
[EventDate "2008.07.20"]
[EventType "tourn"]
[EventRounds "11"]
[EventCountry "SUI"]
[SourceTitle "EXT 2009"]
[Source "ChessBase"]
[SourceDate "2008.11.26"]
[SourceVersion "1"]
[SourceVersionDate "2008.11.26"]
[SourceQuality "1"]

1. e4 e6 2. d4 d5 3. e5 c5 4. c3 Qb6 5. Nf3 Bd7 6. Be2 Bb5 7. 0-0 Bxe2 8. Qxe2 Nc6 9. a3 cxd4 10. cxd4 Nge7 11. Nc3 Nf5 12. Be3 Be7 13. b4 0-0 14. Rfd1 Rfc8 15. Na4 Qd8 16. Rac1 Qd7 17. Nc5 Bxc5 18. Rxc5 Nce7 19. g4 Nxe3 20. Qxe3 Rxc5 21. bxc5 Nc6 22. Rb1 Na5 23. Qc3 Nc4 24. Nd2 Nxd2 25. Qxd2 h6 26. Qa5 Qc6 27. a4 Kf8 28. Kf1 Ke7 29. Qb4 Rb8 30. Qa5 Ra8 31. Qb5 Qxb5+ 32. axb5 Kd7 33. Ke2 Kc7 34. Ra1 Kd7 35. Kd3 Ke7 36. Kc3 Kd7 37. Kb4 Kc8 38. Ra3 Kd7 39. h3 Ke7 40. h4 Kd7 41. g5 hxg5 42. hxg5 g6 43. Ra1 Ke7 44. b6 a6 45. c6 bxc6 46. Kc5 Kd7 47. b7 Rb8 48. Kb6 1-0